01118nam a22003137a 4500003000500000005001700005008004100022010001000063011001000073035001000083040000900093082001600102100003200118245011700150260003200267300001900299590004100318590004100359590004100400590004200441650002600483700002900509700002400538901000700562942001000569949006800579999001700647952014000664CHAP20220329135609.0971013s1983 r 00010 d a39075 a40047 a44172 cCHAP a584.15bS4200aSegerbèack, L. B.9103614 aOrchids of Nigeriab: description of 104 species with 170 photographs including a check-list of Nigerian orchids aRotterdam :bBalkema,c1983 a111 p.b: ilus aBATCH-UPDb10c20130110lUCH01h1218 aBATCH-UPDb10c20130410lUCH01h0754 aBATCH-UPDb10c20130914lUCH01h1853 aCONVERSIONb10c20130109lUCH01h132214aOrquidáceas.9837230 aCribb, Phillip J.9289280 aTang, C. Z.9111585 aBK cLIBRO a584.15 S42bBCcCd-101157eCgI.173764h9457i44172sit222.46 c39075d39075 00102ddc4051708CaBCbBCcPA_CONSULTAd2019-12-31eI.173764fLIBROl0o584.15 S42p-101157r2019-12-31 00:00:00w2019-12-31yLIBRO